000 00578nam a22001817a 4500
005 20231109055654.0
008 231109b |||||||| |||| 00| 0 eng d
020 _a0409028053
041 _aEnglisjh
082 _a346.2 LEG
100 _aFouche, MA et al.
_lEnglish
245 _aLegal Principles of Contracts and Negotiable Instruments /
_cMA Fopuche et al.
250 _aThird Edition
260 _aDurban :
_bButterworth Publishers (Pty) Ltd,
300 _bvi, 17 pages ;
_c25 cm.
650 _aLegal practice
_bLaw
942 _cBK
_6ALISON_BN_VRIES
999 _c450
_d450